| 000 | 00423nam a22001697a 4500 | ||
|---|---|---|---|
| 005 | 20180531121552.0 | ||
| 008 | 160521b xxu||||| |||| 00| 0 eng d | ||
| 020 | _a81-224-1433-8 | ||
| 041 | _aeng | ||
| 082 |
_b3970 _a519.5 |
||
| 100 |
_aSainivasa G & George, Deepa _94323 |
||
| 245 | _aBusiness Mathematics and Statistics | ||
| 260 | _bNew off internal Ltd | ||
| 300 | _a520 | ||
| 650 |
_aManagement _9241 |
||
| 942 | _cBK | ||
| 999 |
_c1351 _d1351 |
||